00883nam a2200181Ia 4500008004100000082002400041100003200065245007800097260002400175300001100199500002700210502007300237650007400310952009800384952010100482952010100583999001700684120622s9999 xx 000 0 und d aT 365.48 G216a 2002 aGarcía Sánchez, Marcela aAnálisis del sistema penitenciario militar / Marcela García Sánchez aMéxico : El autor a143 h. aIncluye bibliografía aTESIS (Lic. en derecho). -- Universidad Insurgentes, Plantel Tlalpan a1. REGIMEN PENITENCIARIO \ 2. PRISIONES \ 3. DERECHO PENAL MILITARÌ 00104070a01b01d2007-01-25l0oT 365.48 G216A 2002p01 008151r2012-06-24w2012-06-24yLB 00104070a01b01d2007-01-25l0oT 365.48 G216A 2002p01 008152r2012-06-24t2w2012-06-24yLB 00104070a01b01d2007-01-25l0oT 365.48 G216A 2002p01 008153r2012-06-24t3w2012-06-24yLB c56380d56380